| 000 -LEADER |
| fixed length control field |
00493nam a22001817a 4500 |
| 008 - FIXED-LENGTH DATA ELEMENTS--GENERAL INFORMATION |
| fixed length control field |
151012b xxu||||| |||| 00| 0 eng d |
| 020 ## - INTERNATIONAL STANDARD BOOK NUMBER |
| International Standard Book Number |
0870847767 |
| 041 0# - LANGUAGE CODE |
| Language code of text/sound track or separate title |
eng |
| 080 ## - UNIVERSAL DECIMAL CLASSIFICATION NUMBER |
| Universal Decimal Classification number |
343 |
| 245 00 - TITLE STATEMENT |
| Title |
Readings in criminal law / |
| Statement of responsibility, etc |
Russell L. Weaver ... [et al.]. |
| 260 ## - |
| -- |
Cincinnati, Ohio : |
| -- |
Anderson Pub. Co., |
| -- |
1998. |
| 300 ## - |
| -- |
xix, 613 f. ; |
| -- |
26 cm. |
| 650 #0 - |
| -- |
Kriminalistika |
| 650 #0 - |
| -- |
Ligjet |
| 650 #0 - |
| -- |
Kriminologjia |
| 700 1# - |
| -- |
Weaver, Russell L., |
| 942 ## - ADDED ENTRY ELEMENTS (KOHA) |
| Source of classification or shelving scheme |
|
| Item type |
Books |